[Event "Open d'Eté"]
[Site "?"]
[Date "2012.07.12"]
[Round "7.3"]
[White "Devallee, Jérémie"]
[Black "Veron, Cyprien"]
[Result "1-0"]
[WhiteElo "2106"]
[BlackElo "2085"]
[Annotator "Navrotescu,Catalin"]
[PlyCount "71"]

1. e4 e5 2. Nf3 Nc6 3. Bc4 Nf6 4. d3 h6 5. O-O d6 6. Re1 g6 7. d4 $1 Qe7 8. Nc3
Bg4 9. Bb5 a6 (9... Bxf3 10. Qxf3 a6 11. Nd5 Nxd5 12. exd5 axb5 13. dxc6) 10.
Bxc6+ bxc6 11. dxe5 dxe5 12. h3 Bxf3 (12... Rd8 13. Qe2 Bxf3 14. Qxf3 Bg7 15.
Qe2 a5 16. Qa6) 13. Qxf3 Bg7 14. Qd3 O-O 15. Qc4 Qe6 16. Qxe6 fxe6 $16 17. Be3
Rfd8 18. f3 Rd7 19. Kf2 Rad8 20. Ke2 Nh5 21. Rad1 Nf4+ 22. Bxf4 (22. Kf2 Rd6
23. h4 Bf8 24. g3) 22... exf4 23. Rxd7 Rxd7 24. Rd1 Rxd1 (24... Rd6) 25. Nxd1
Kf7 26. c3 Ke7 27. Kd3 Kd6 28. Kc4 Kd7 29. Nf2 g5 30. Nd3 Bf8 31. b4 Kc8 32.
Nc5 $18 Bxc5 33. Kxc5 Kd7 34. e5 h5 35. a3 h4 36. c4 1-0

[Event "Open d'Eté"]
[Site "?"]
[Date "2012.07.13"]
[Round "8.1"]
[White "David, Vincent"]
[Black "Bakalarz, Grazyna"]
[Result "1/2-1/2"]
[WhiteElo "2392"]
[BlackElo "1989"]
[Annotator "Navrotescu,Catalin"]
[PlyCount "106"]

1. d4 Nf6 2. Nf3 g6 3. Bg5 Ne4 4. Bf4 Bg7 5. Nbd2 d5 6. c3 c5 7. e3 Nc6 8. Nxe4
dxe4 9. Ng5 cxd4 10. exd4 Qd5 11. Qb3 (11. f3 exf3 12. Qxf3 Qxf3 13. Nxf3 Be6
14. Ng5 Bd5 15. c4 h6 16. cxd5 hxg5 17. dxc6 gxf4 18. cxb7 Rb8 19. Ba6 Bxd4 20.
Rc1 Bxb2 21. Rc4 Be5 22. Ke2 f5 23. h3 Kf7 24. Rhc1 {1-0 Ye Rongguang (2500)
-Visser,Y (2380)/Groningen 1997/CBM 062 ext (72)}) 11... Qxb3 12. axb3 f5 13.
Bc4 e5 14. dxe5 Bxe5 15. Be3 h6 16. Nf7 Rh7 17. Nxe5 Nxe5 18. Be2 a6 19. O-O-O
Be6 20. Kc2 Rd8 21. Rxd8+ Kxd8 22. f3 exf3 23. gxf3 Bd5 24. Rf1 g5 25. c4 Bc6
26. f4 gxf4 (26... Be4+ 27. Kc3 Ng6 28. fxg5 hxg5 29. Bxg5+ Kd7 30. Rf2 Rh3+
31. Kb4 Ne5) 27. Bxf4 Ng4 28. Bd3 Be4 29. Bxe4 fxe4 30. Re1 Nf6 31. Be5 Ke7 32.
Kc3 (32. Bxf6+ Kxf6 33. Rxe4 Rg7 34. Rd4 Ke5 35. Rd5+ Ke4 36. Kc3 Rf7 37. Rd4+
Ke5 38. Rh4) 32... Ke6 33. Bd4 (33. Bxf6) 33... Rd7 34. b4 h5 35. Rf1 Ng4 36.
h3 Ne5 37. Rf4 Nf3 38. Bh8 Rd3+ 39. Kc2 Re3 40. Bc3 Ng5 41. Rf6+ Ke7 42. Rf5
Nxh3 43. Rxh5 Nf2 44. Rh7+ Ke6 45. Rh6+ $6 (45. Rxb7 Re2+ 46. Kb3 Nd1 47. Rb6+
Kd7 48. Be5 Re3+ 49. Ka2 Ke7 50. c5 $16) 45... Kd7 46. b5 axb5 47. cxb5 Re2+
48. Kb3 Nd3 49. Kc4 Nxb2+ 50. Kd5 Nd3 51. Rh7+ Ke8 52. Rxb7 Nf4+ 53. Ke5 Nd3+
1/2-1/2

[Event "Open d'Eté"]
[Site "?"]
[Date "2012.07.13"]
[Round "8.2"]
[White "Poignot, Quentin"]
[Black "Devallee, Jérémie"]
[Result "1/2-1/2"]
[WhiteElo "2196"]
[BlackElo "2106"]
[Annotator "Navrotescu,Catalin"]
[PlyCount "46"]

1. e4 e5 2. Nf3 Nc6 3. d4 exd4 4. Bc4 Bc5 5. c3 d3 (5... Nf6 6. e5 d5 7. Bb5
Ne4 8. cxd4 Bb6 9. Nc3 O-O 10. Be3 Ne7 11. Bd3 Bf5 12. O-O Nxc3 13. bxc3 Rc8
14. Nh4 Bxd3 15. Qxd3 c5 16. Bg5 Qd7 17. Bxe7 Qxe7 18. Nf5 Qd7 19. Qf3 Qe6 20.
c4 $40 {1-0 Jones,G (2606)-Howell,D (2625)/Sheffield 2011/CBM 143 Extra (40)})
6. O-O d6 7. Qxd3 Bg4 8. Bg5 Qd7 (8... Nf6 9. Nbd2 h6 10. Bf4 Nh5 11. Be3 Bxe3
12. Qxe3 O-O $11) 9. b4 Bb6 10. Nbd2 Nge7 11. Bb3 (11. h3 Be6 (11... Bh5 12.
Bb3 O-O 13. a4 a5 14. Nc4) 12. Bxe6 Qxe6 13. a4 a5 14. Nc4) 11... Ng6 12. Nc4
Be6 13. Rad1 f6 14. Bc1 Nge5 $1 15. Nfxe5 Nxe5 16. Nxe5 dxe5 $2 (16... fxe5 17.
c4 Bd4) 17. Bxe6 (17. Qg3 Qe7 18. Bxe6 Qxe6 19. a4 a6 20. a5 Ba7 21. Rd5 O-O
22. Rfd1) 17... Qxe6 18. Qd5 Qxd5 19. Rxd5 c6 20. Rd3 Ke7 21. Rfd1 Rhd8 22.
Rxd8 Rxd8 23. Rxd8 Bxd8 1/2-1/2

[Event "Open d'Eté"]
[Site "?"]
[Date "2012.07.13"]
[Round "8.3"]
[White "Busson, Didier"]
[Black "Breahna, Radu"]
[Result "1/2-1/2"]
[WhiteElo "1796"]
[BlackElo "2275"]
[Annotator "Navrotescu,Catalin"]
[PlyCount "40"]

1. e4 c5 2. Nf3 d6 3. d3 Nc6 4. g3 g6 5. Bg2 Bg7 6. c3 e5 7. a4 Nge7 8. Be3 O-O
9. Na3 f5 10. Qb3+ Kh8 11. Ng5 f4 12. Bd2 d5 13. exd5 Na5 14. Qa2 h6 (14...
Nxd5 15. Bxd5 Qxg5 16. Nc4 Qd8) 15. h4 Nf5 16. Ne4 f3 17. Bh3 b6 18. g4 Nxh4
19. O-O-O g5 20. c4 Nb7 $11 1/2-1/2